[Event "Richmond Hill Pro-Am int."]
[Site "Richmond Hill CAN"]
[Date "2006.??.??"]
[Round "7"]
[White "Corrales, Fidel"]
[Black "Thavandiran, Shiyam"]
[Result "1/2-1/2"]
[WhiteElo "2492"]
[BlackElo "2264"]
[PlyCount "70"]
[EventDate "2006.08.04"]
[EventType "tourn"]
[EventRounds "9"]
[EventCountry "CAN"]

1. d4 e6 2. Nf3 d5 3. c4 Nf6 4. Nc3 Bb4 5. Bg5 Nbd7 6. Qb3 c5 7. dxc5 Qa5 8.
Bxf6 Nxf6 9. e3 Bd7 10. a3 Bxc3+ 11. bxc3 Rc8 12. Ne5 Rxc5 13. Be2 O-O 14. Nxd7
Nxd7 15. O-O dxc4 16. Qxb7 Nb6 17. Bf3 Rfc8 18. Rad1 g6 19. Qe7 Kg7 20. h4 h5
21. Rd4 R8c7 22. Qe8 Rc8 23. Qe7 R8c7 24. Qe8 Qxc3 25. Rd8 Kh6 26. Rd4 Kg7 27.
Rfd1 Nd5 28. Bxd5 Rxd5 29. Rxd5 exd5 30. Rxd5 Qa1+ 31. Kh2 Qf6 32. Rd8 Kh6 33.
Qf8+ Kh7 34. Qg8+ Kh6 35. Qf8+ Kh7 1/2-1/2

[Event "Richmond Hill Pro-Am int."]
[Site "Richmond Hill CAN"]
[Date "2006.??.??"]
[Round "8"]
[White "Thavandiran, Shiyam"]
[Black "Zubac, Marius"]
[Result "0-1"]
[WhiteElo "2264"]
[BlackElo "2217"]
[PlyCount "84"]
[EventDate "2006.08.04"]
[EventType "tourn"]
[EventRounds "9"]
[EventCountry "CAN"]

1. e4 c5 2. Nf3 Nc6 3. Nc3 e5 4. Bc4 Be7 5. d3 Nf6 6. Ng5 O-O 7. f4 exf4 8.
Bxf4 d6 9. O-O Ne5 10. Qd2 h6 11. Nf3 Nxc4 12. dxc4 Be6 13. b3 Re8 14. Rad1 Qa5
15. h3 a6 16. a4 Rad8 17. Rfe1 Qb4 18. Qd3 Qb6 19. Bc1 Qc7 20. Nh4 Bf8 21. Rf1
Qe7 22. Qf3 Nd7 23. Qg3 Kh7 24. Nf5 Bxf5 25. Rxf5 f6 26. Bf4 Ne5 27. Nd5 Qf7
28. Rf1 Ng6 29. Bd2 Re6 30. Bc3 Be7 31. h4 Ne5 32. Bxe5 dxe5 33. Rxe5 Bd6 34.
Rxe6 Bxg3 35. Re7 Qg6 36. h5 Qg5 37. Nxf6+ Kh8 38. Nd5 Rxd5 39. Re8+ Kh7 40.
cxd5 Qe3+ 41. Kh1 Qe2 42. Rff8 Qd1+ 0-1

[Event "Richmond Hill Pro-Am int."]
[Site "Richmond Hill CAN"]
[Date "2006.??.??"]
[Round "9"]
[White "Jiang, Louie"]
[Black "Thavandiran, Shiyam"]
[Result "0-1"]
[WhiteElo "1965"]
[BlackElo "2264"]
[PlyCount "92"]
[EventDate "2006.08.04"]
[EventType "tourn"]
[EventRounds "9"]
[EventCountry "CAN"]

1. e4 c5 2. Nf3 Nc6 3. d4 cxd4 4. Nxd4 e5 5. Nb5 d6 6. N1c3 a6 7. Na3 b5 8. Nd5
Nge7 9. Be3 Nxd5 10. exd5 Ne7 11. c4 Nf5 12. Bd2 Be7 13. Bd3 O-O 14. O-O Nd4
15. Bc3 Qb6 16. cxb5 axb5 17. Bxd4 Qxd4 18. Qc2 b4 19. Bxh7+ Kh8 20. Nb5 Qb6
21. Bd3 Bd7 22. Qe2 f5 23. a4 bxa3 24. bxa3 Ra4 25. Rab1 Qa5 26. Rfc1 e4 27.
Bc2 Bxb5 28. Rxb5 Qc7 29. Rcb1 Ra7 30. R5b3 Bg5 31. h4 Bf4 32. a4 g6 33. Rb6
Be5 34. Rc6 Qh7 35. g3 f4 36. Qxe4 fxg3 37. fxg3 Bxg3 38. Rb3 Qf7 39. Qg2 Be5
40. Rc4 Rc7 41. Rxc7 Qxc7 42. Qd2 Rf4 43. Rh3 Qf7 44. Bd3 Bd4+ 45. Kh1 Rf1+ 46.
Bxf1 Qxf1+ 0-1

[Event "CAN-op"]
[Site "Kitchener CAN"]
[Date "2006.07.17"]
[Round "3"]
[White "Thavandiran, Shiyam"]
[Black "Semyonov, Vladimir"]
[Result "1-0"]
[WhiteElo "2264"]
[BlackElo "2089"]
[PlyCount "53"]
[EventDate "2006.07.15"]
[EventType "swiss"]
[EventRounds "9"]
[EventCountry "CAN"]

1. e4 c5 2. Nf3 e6 3. d4 cxd4 4. Nxd4 a6 5. Bd3 Bc5 6. Nb3 Ba7 7. O-O d6 8. Qg4
Nf6 9. Qxg7 Rg8 10. Qh6 Rg6 11. Qh4 Rg4 12. Qh3 e5 13. Qf3 Rg6 14. h3 Ke7 15.
Nc3 Qg8 16. Kh1 Be6 17. Nd5+ Nxd5 18. exd5 Rf6 19. Qe4 Bf5 20. Qh4 Bxd3 21.
cxd3 Nd7 22. Bg5 Qg6 23. f4 h6 24. fxe5 hxg5 25. exf6+ Nxf6 26. Qb4 b5 27. Qc3
1-0

[Event "CAN-op"]
[Site "Kitchener CAN"]
[Date "2006.07.18"]
[Round "4"]
[White "Jiang, Louie"]
[Black "Thavandiran, Shiyam"]
[Result "0-1"]
[WhiteElo "1967"]
[BlackElo "2264"]
[PlyCount "62"]
[EventDate "2006.07.15"]
[EventType "swiss"]
[EventRounds "9"]
[EventCountry "CAN"]

1. e4 c5 2. Nf3 Nc6 3. d4 cxd4 4. Nxd4 e5 5. Nb5 d6 6. N1c3 a6 7. Na3 b5 8. Nd5
Nge7 9. Bg5 h6 10. Be3 Nxd5 11. exd5 Ne7 12. c4 Nf5 13. Bd2 bxc4 14. Nxc4 a5
15. a4 Be7 16. Bd3 Bg5 17. b4 Bxd2+ 18. Qxd2 Nh4 19. Bf1 axb4 20. Qxb4 O-O 21.
Qc3 Qf6 22. Nd2 Bb7 23. Qb3 Bc8 24. g3 e4 25. Ra3 e3 26. fxe3 Nf3+ 27. Nxf3
Qxf3 28. Rg1 Bg4 29. Bb5 Rac8 30. Qb2 Qd1+ 31. Kf2 Rc2+ 0-1

[Event "CAN-op"]
[Site "Kitchener CAN"]
[Date "2006.07.19"]
[Round "5"]
[White "Corrales, Fidel"]
[Black "Thavandiran, Shiyam"]
[Result "1-0"]
[WhiteElo "2492"]
[BlackElo "2264"]
[PlyCount "55"]
[EventDate "2006.07.15"]
[EventType "swiss"]
[EventRounds "9"]
[EventCountry "CAN"]

1. e4 e6 2. d4 d5 3. e5 c5 4. c3 Qb6 5. Nf3 Bd7 6. a3 a5 7. b3 Nc6 8. Be3 Nh6
9. Bd3 cxd4 10. cxd4 Nf5 11. O-O Be7 12. Nc3 Nxe3 13. fxe3 O-O 14. Ra2 Rac8 15.
Ne2 f6 16. exf6 Rxf6 17. Nf4 Rcf8 18. Raf2 R6f7 19. h4 g6 20. Bxg6 Rxf4 21.
Bxh7+ Kxh7 22. exf4 Be8 23. Re1 Rxf4 24. Rxe6 Re4 25. Ng5+ Bxg5 26. Rxe8 Rxh4
27. Qd3+ Kg7 28. Rg8+ 1-0

[Event "CAN-op"]
[Site "Kitchener CAN"]
[Date "2006.07.20"]
[Round "6"]
[White "Thavandiran, Shiyam"]
[Black "Gulati, Justin"]
[Result "0-1"]
[WhiteElo "2264"]
[BlackElo "2132"]
[PlyCount "77"]
[EventDate "2006.07.15"]
[EventType "swiss"]
[EventRounds "9"]
[EventCountry "CAN"]

1. e4 g6 2. d4 Bg7 3. Nc3 d6 4. g3 Nc6 5. Be3 e5 6. dxe5 Nxe5 7. f4 Nc6 8. Be2
Nf6 9. Bf3 O-O 10. Qe2 Bd7 11. g4 Nxg4 12. O-O-O Nxe3 13. Qxe3 Rb8 14. h4 h5
15. Nge2 Kh7 16. Kb1 b5 17. e5 Qe8 18. Ne4 dxe5 19. Qc5 Nd4 20. Nxd4 exd4 21.
Rde1 Qc8 22. Bxh5 gxh5 23. Qxh5+ Kg8 24. Rhg1 Rb6 25. Rxg7+ Kxg7 26. Qe5+ f6
27. Qh5 Bg4 28. Rg1 f5 29. Qg5+ Rg6 30. Qe7+ Rf7 31. Qe5+ Kg8 32. Ng5 Rd7 33.
h5 Rh6 34. Ne6 Re7 35. Rxg4+ fxg4 36. Qg5+ Kf7 37. Qf5+ Rf6 38. Ng5+ Kg8 39.
Qxc8+ 0-1

[Event "CAN-op"]
[Site "Kitchener CAN"]
[Date "2006.07.21"]
[Round "7"]
[White "Davies, Noam"]
[Black "Thavandiran, Shiyam"]
[Result "1/2-1/2"]
[WhiteElo "2101"]
[BlackElo "2264"]
[PlyCount "67"]
[EventDate "2006.07.15"]
[EventType "swiss"]
[EventRounds "9"]
[EventCountry "CAN"]

1. e4 c5 2. Nf3 Nc6 3. d4 cxd4 4. Nxd4 e5 5. Nb5 d6 6. Be3 Nf6 7. Bg5 Be7 8.
Bxf6 gxf6 9. Nd2 a6 10. Nc3 f5 11. Bc4 O-O 12. Qh5 Nd4 13. O-O-O b5 14. Bd5 Rb8
15. Nf3 b4 16. Nxd4 bxc3 17. Nc6 Bg5+ 18. Kb1 Rxb2+ 19. Ka1 Qf6 20. Rd3 Kh8 21.
Rxc3 Rb5 22. Rd1 Rc5 23. Rxc5 dxc5 24. Qf3 Bd7 25. Na5 Rd8 26. Nb7 Rc8 27. Bc4
Be6 28. Bxe6 fxe6 29. Rd7 Bh6 30. Nd6 Rf8 31. Qh5 Kg8 32. f3 fxe4 33. Qg4+ Bg7
34. Nxe4 1/2-1/2

[Event "CAN-op"]
[Site "Kitchener CAN"]
[Date "2006.07.22"]
[Round "8"]
[White "Thavandiran, Shiyam"]
[Black "Ho, Conrad"]
[Result "1-0"]
[WhiteElo "2264"]
[BlackElo "2046"]
[PlyCount "61"]
[EventDate "2006.07.15"]
[EventType "swiss"]
[EventRounds "9"]
[EventCountry "CAN"]

1. e4 e6 2. d4 d5 3. Nc3 Bb4 4. exd5 exd5 5. Bd3 Nc6 6. a3 Ba5 7. Nge2 Nge7 8.
O-O O-O 9. Na4 Bb6 10. c3 Bf5 11. Bxf5 Nxf5 12. Nf4 Nce7 13. Nd3 c6 14. Nxb6
Qxb6 15. Re1 Rfe8 16. Bf4 Ng6 17. Qg4 Nxf4 18. Qxf4 Ne7 19. h4 Rac8 20. h5 Qc7
21. Qg4 Qd6 22. Re5 b6 23. Rae1 Rcd8 24. h6 g6 25. Nf4 Kf8 26. Nh5 Nf5 27. Ng7
Rxe5 28. dxe5 Qd7 29. e6 Qe7 30. Nxf5 gxf5 31. Qg7+ 1-0

[Event "CYCC U14"]
[Site "Kitchener CAN"]
[Date "2006.07.10"]
[Round "1"]
[White "Lu, David"]
[Black "Thavandiran, Shiyam"]
[Result "0-1"]
[WhiteElo "1519"]
[BlackElo "2255"]
[PlyCount "90"]
[EventDate "2006.07.10"]
[EventType "swiss"]
[EventRounds "7"]
[EventCountry "CAN"]

1. e4 e6 2. d4 d5 3. Nd2 Be7 4. e5 c5 5. c3 Nc6 6. Ndf3 cxd4 7. cxd4 Qa5+ 8.
Bd2 Qb6 9. Bc3 Bd7 10. a3 Nh6 11. h3 f6 12. Bd3 fxe5 13. Nxe5 Nxe5 14. dxe5 O-O
15. Qc2 Ba4 16. Qd2 Bg5 17. Qe2 Be7 18. Nf3 Nf5 19. g4 Nh4 20. Nxh4 Bxh4 21.
O-O Rf7 22. Qd2 Kh8 23. Ba5 Qd4 24. Bc3 Qf4 25. Qxf4 Rxf4 26. Bb4 Rd4 27. Be2
Re4 28. Bd3 Rf4 29. Rac1 Bc6 30. Bd2 Rf3 31. Be2 Rf7 32. g5 h6 33. gxh6 gxh6
34. Bxh6 Rg8+ 35. Bg4 Bb5 36. Kh2 Bxf1 37. Bxe6 Rxf2+ 38. Kh1 Bg2+ 39. Kg1 Rg6
40. Rc8+ Kh7 41. Be3 Bxh3+ 42. Kh1 Bg2+ 43. Kh2 Be4+ 44. Bxf2 Bxf2 45. Rc7+ Kh6
0-1

[Event "CYCC U14"]
[Site "Kitchener CAN"]
[Date "2006.07.10"]
[Round "2"]
[White "Thavandiran, Shiyam"]
[Black "Lai, Matthew"]
[Result "1-0"]
[WhiteElo "2255"]
[BlackElo "1810"]
[PlyCount "43"]
[EventDate "2006.07.10"]
[EventType "swiss"]
[EventRounds "7"]
[EventCountry "CAN"]

1. e4 e5 2. Nf3 Nc6 3. Nc3 Nf6 4. d4 exd4 5. Nd5 d6 6. Nxd4 Nxd5 7. exd5 Ne5 8.
f4 Ng6 9. Bd3 Be7 10. O-O O-O 11. Be3 Bf6 12. g3 Re8 13. Bf2 Ne7 14. Be4 Bh3
15. Qh5 Bxf1 16. Qxh7+ Kf8 17. Qh8+ Ng8 18. Bh7 Be2 19. Re1 g6 20. Qxg8+ Ke7
21. Rxe2+ Be5 22. Qg7 1-0

[Event "CYCC U14"]
[Site "Kitchener CAN"]
[Date "2006.07.11"]
[Round "3"]
[White "Ang, Alan"]
[Black "Thavandiran, Shiyam"]
[Result "0-1"]
[WhiteElo "1904"]
[BlackElo "2255"]
[PlyCount "84"]
[EventDate "2006.07.10"]
[EventType "swiss"]
[EventRounds "7"]
[EventCountry "CAN"]

1. e4 c5 2. Nf3 Nc6 3. d4 cxd4 4. Nxd4 e5 5. Nb5 d6 6. N1c3 a6 7. Na3 b5 8. Nd5
Nce7 9. c4 Nxd5 10. exd5 bxc4 11. Nxc4 Nf6 12. Bg5 Be7 13. Bxf6 Bxf6 14. Qa4+
Kf8 15. Bd3 Be7 16. O-O f5 17. Na5 Bd7 18. Nc6 Qb6 19. Rac1 g6 20. Rc3 Kg7 21.
Rb3 Qc7 22. Rc1 e4 23. Bf1 Bf6 24. Rc4 Rhc8 25. Qb4 a5 26. Qa3 Bxc6 27. Rxc6
Qa7 28. Qxd6 Bd4 29. Qg3 a4 30. Rb4 Kh8 31. h4 Qg7 32. Rxa4 Bxb2 33. Rac4 Rxc6
34. Rxc6 Qe5 35. Qb3 Rb8 36. Qc4 e3 37. Re6 exf2+ 38. Kh1 Qg3 39. Qa4 Be5 40.
Re8+ Kg7 41. Qa7+ Kh6 42. Rxe5 Qxh4# 0-1

[Event "CYCC U14"]
[Site "Kitchener CAN"]
[Date "2006.07.12"]
[Round "5"]
[White "Mai, Lloyd"]
[Black "Thavandiran, Shiyam"]
[Result "1/2-1/2"]
[WhiteElo "1973"]
[BlackElo "2255"]
[PlyCount "114"]
[EventDate "2006.07.10"]
[EventType "swiss"]
[EventRounds "7"]
[EventCountry "CAN"]

1. e4 c5 2. Nf3 Nc6 3. d4 cxd4 4. Nxd4 e5 5. Nb5 d6 6. N1c3 a6 7. Na3 b5 8. Nd5
Nce7 9. c4 Nxd5 10. exd5 bxc4 11. Nxc4 Nf6 12. Bg5 Be7 13. Bxf6 gxf6 14. a4 a5
15. Na3 O-O 16. Bb5 Kh8 17. O-O Rg8 18. Kh1 f5 19. Rc1 f4 20. Qc2 f3 21. g3 Bh3
22. Rfe1 Qf8 23. Qe4 Bg4 24. Rc7 Bd8 25. Rc6 f5 26. Qc2 f4 27. Nc4 Bf5 28. Qc3
fxg3 29. hxg3 Rxg3 30. fxg3 f2 31. Nxd6 Bg4 32. Qxe5+ Bf6 33. Nf7+ Qxf7 34.
Qxf6+ Qxf6 35. Re8+ Qf8 36. Rxf8+ Rxf8 37. Kg2 Bf3+ 38. Kf1 Bxd5 39. Rc2 Rf3
40. Rc3 Rf6 41. Rc2 Rf3 42. Rd2 Be4 43. Rd4 Bf5 44. Kg2 Rb3 45. Rf4 f1=Q+ 46.
Rxf1 Rxb2+ 47. Kf3 Rb3+ 48. Kf4 Bd3 49. Bxd3 Rxd3 50. Re1 Ra3 51. Re4 Kg7 52.
g4 Kf6 53. Rc4 Ra1 54. Rc6+ Kf7 55. Rc4 Kf6 56. Rc6+ Kf7 57. Rc4 Kf6 1/2-1/2

[Event "CYCC U14"]
[Site "Kitchener CAN"]
[Date "2006.07.12"]
[Round "6"]
[White "Hambleton, Aman"]
[Black "Thavandiran, Shiyam"]
[Result "0-1"]
[WhiteElo "1975"]
[BlackElo "2255"]
[PlyCount "74"]
[EventDate "2006.07.10"]
[EventType "swiss"]
[EventRounds "7"]
[EventCountry "CAN"]

1. d4 Nf6 2. c4 e6 3. Nf3 b6 4. g3 Bb7 5. Bg2 Be7 6. O-O O-O 7. b3 c5 8. Bb2 d6
9. Nc3 a6 10. Qd3 Nbd7 11. e4 cxd4 12. Nxd4 Qc7 13. Rad1 Rad8 14. Qe2 Qb8 15.
Rfe1 Qa7 16. h3 Rfe8 17. Kh2 Bf8 18. Nc2 e5 19. Ne3 Nc5 20. Ned5 Bxd5 21. Nxd5
Nxd5 22. Rxd5 b5 23. Red1 Rc8 24. Ba3 Ne6 25. h4 bxc4 26. bxc4 Qc7 27. c5 dxc5
28. Rd7 Qa5 29. Qf3 f6 30. Bh3 Nd4 31. Qh5 Qxa3 32. Qf7+ Kh8 33. Bf1 Qf3 34.
Bc4 Be7 35. Rd2 Qxe4 36. Bd3 Qc6 37. Qh5 e4 0-1

[Event "CYCC U14"]
[Site "Kitchener CAN"]
[Date "2006.07.13"]
[Round "7"]
[White "Thavandiran, Shiyam"]
[Black "Chung, Kevin"]
[Result "1-0"]
[WhiteElo "2255"]
[BlackElo "2047"]
[PlyCount "55"]
[EventDate "2006.07.10"]
[EventType "swiss"]
[EventRounds "7"]
[EventCountry "CAN"]

1. e4 e6 2. d4 d5 3. Nc3 Bb4 4. exd5 exd5 5. Bd3 Nc6 6. a3 Bxc3+ 7. bxc3 Nge7
8. Qf3 O-O 9. Ne2 Be6 10. h3 Qd7 11. Ng3 Rae8 12. O-O Ng6 13. Nh5 f5 14. Qg3
Nce7 15. Bf4 c5 16. dxc5 Rf7 17. Rfe1 Nxf4 18. Nxf4 Nc6 19. Bb5 Rf6 20. Nd3 Qc8
21. Re3 a6 22. Bxc6 Qxc6 23. Rb1 Rg6 24. Qf3 Qc8 25. Rb6 Bf7 26. Rxe8+ Qxe8 27.
Qxf5 Re6 28. Rxb7 1-0

[Event "Guelph Futurity"]
[Site "Guelph CAN"]
[Date "2005.07.25"]
[Round "1"]
[White "Burnett, Ronald"]
[Black "Thavandiran, Shiyam"]
[Result "1-0"]
[WhiteElo "2473"]
[BlackElo "2257"]
[PlyCount "75"]
[EventDate "2005.08.07"]
[EventType "schev"]
[EventRounds "10"]
[EventCountry "CAN"]

1. d4 Nf6 2. Nf3 e6 3. Bg5 c5 4. e3 d5 5. Nbd2 Be7 6. c3 Nbd7 7. Bd3 b6 8. a3
Bb7 9. b4 Ne4 10. Bxe7 Qxe7 11. bxc5 bxc5 12. Nxe4 dxe4 13. Qb1 exd3 14. Qxb7
Nb6 15. Qa6 c4 16. a4 O-O 17. a5 Nd5 18. Qxc4 Rac8 19. Qxd3 Rxc3 20. Qd2 Qc7
21. O-O Rc8 22. Rfb1 f6 23. h3 Qc4 24. Ne1 Rc7 25. Qd1 Qa6 26. Rb8+ Rc8 27.
Rxc8+ Rxc8 28. Nd3 Nc3 29. Qd2 Ne4 30. Qa2 Nc3 31. Qb3 Ne4 32. Nf4 Nd2 33.
Qxe6+ Qxe6 34. Nxe6 Nb3 35. Rb1 Nxa5 36. Rb5 Nc6 37. Rb7 a5 38. d5 1-0

[Event "Guelph Futurity"]
[Site "Guelph CAN"]
[Date "2005.07.25"]
[Round "2"]
[White "Thavandiran, Shiyam"]
[Black "Kunte, Abhijit"]
[Result "0-1"]
[WhiteElo "2257"]
[BlackElo "2535"]
[PlyCount "74"]
[EventDate "2005.08.07"]
[EventType "schev"]
[EventRounds "10"]
[EventCountry "CAN"]

1. e4 c5 2. Nf3 e6 3. d4 cxd4 4. Nxd4 a6 5. Bd3 Bc5 6. Nb3 Ba7 7. c4 Nc6 8. O-O
Nge7 9. Nc3 d6 10. Kh1 e5 11. Qe2 Ng6 12. Nd5 O-O 13. Nd2 Nf4 14. Nxf4 exf4 15.
Rd1 Qh4 16. Nf3 Qh5 17. Ng1 Qh4 18. Nf3 Qf6 19. e5 dxe5 20. Bd2 Bg4 21. Bc3
Rae8 22. Be4 Qh6 23. b4 f5 24. Bxc6 Qxc6 25. c5 Qe4 26. Qxe4 fxe4 27. Nxe5 Bxd1
28. Rxd1 Rd8 29. Re1 Bb8 30. a4 Rfe8 31. Nc4 e3 32. fxe3 Re4 33. Na5 Rxe3 34.
Nxb7 Rxe1+ 35. Bxe1 Rd1 36. Kg1 Rxe1+ 37. Kf2 Rb1 0-1

[Event "Guelph Futurity"]
[Site "Guelph CAN"]
[Date "2005.07.25"]
[Round "3"]
[White "Ganguly, Surya Shekhar"]
[Black "Thavandiran, Shiyam"]
[Result "1-0"]
[WhiteElo "2566"]
[BlackElo "2257"]
[PlyCount "73"]
[EventDate "2005.08.07"]
[EventType "schev"]
[EventRounds "10"]
[EventCountry "CAN"]

1. e4 e6 2. d4 d5 3. Nc3 Bb4 4. e5 Ne7 5. a3 Bxc3+ 6. bxc3 b6 7. Qg4 Ng6 8. Nf3
Ba6 9. Bxa6 Nxa6 10. a4 Nb8 11. Ng5 Nc6 12. h4 h5 13. Qf3 Qd7 14. Rh3 Na5 15.
Ba3 Nc4 16. g4 Nxa3 17. Rxa3 Qe7 18. gxh5 Nxh4 19. Qxf7+ Qxf7 20. Nxf7 Rxh5 21.
Ng5 Ke7 22. Ke2 Rah8 23. Nf3 Nxf3 24. Rxf3 Rh1 25. Rg3 Kf7 26. c4 R8h4 27. cxd5
Rxd4 28. Raf3+ Ke8 29. dxe6 Re4+ 30. Re3 Rxe3+ 31. Kxe3 Kf8 32. f4 Rc1 33. e7+
Kxe7 34. Rxg7+ Kd8 35. f5 Rxc2 36. f6 Rc1 37. Rg8+ 1-0

[Event "Guelph Futurity"]
[Site "Guelph CAN"]
[Date "2005.07.25"]
[Round "4"]
[White "Thavandiran, Shiyam"]
[Black "MacPhail, John"]
[Result "1/2-1/2"]
[WhiteElo "2257"]
[BlackElo "2305"]
[PlyCount "155"]
[EventDate "2005.08.07"]
[EventType "schev"]
[EventRounds "10"]
[EventCountry "CAN"]

1. e4 c5 2. Nf3 d6 3. d4 cxd4 4. Nxd4 Nf6 5. Nc3 Nc6 6. Bg5 Qb6 7. Nb3 e6 8.
Qd2 a6 9. Be2 h6 10. Be3 Qc7 11. a4 Na5 12. Nxa5 Qxa5 13. O-O Be7 14. f4 Bd7
15. b4 Qc7 16. Rab1 Rc8 17. Rb3 d5 18. e5 Ne4 19. Nxe4 dxe4 20. c4 Bxa4 21.
Rbb1 O-O 22. Rfc1 Qd7 23. Qa2 Kh8 24. Rb2 b5 25. c5 Rfd8 26. Rd2 Qc6 27. Bd1
Rxd2 28. Qxd2 Rd8 29. Qe2 Bxd1 30. Rxd1 Rxd1+ 31. Qxd1 Kg8 32. Kf2 Kf8 33. Ke2
h5 34. Ke1 g6 35. Qd4 Ke8 36. Ke2 Qd5 37. Qa1 Qc6 38. Bd4 Kd7 39. Ke3 Bd8 40.
Qb1 a5 41. bxa5 Bxa5 42. Qa2 Bd8 43. g3 Bc7 44. h3 Kc8 45. g4 hxg4 46. hxg4 Kb7
47. f5 gxf5 48. gxf5 Bd8 49. fxe6 Bg5+ 50. Ke2 Qxe6 51. c6+ Kxc6 52. Qa6+ Kd5
53. Qa7 Qg4+ 54. Ke1 Bh4+ 55. Kd2 Qg2+ 56. Kc3 Be1+ 57. Kb3 Qf3+ 58. Be3 Qd1+
59. Kb2 Qe2+ 60. Kc1 Bb4 61. Qxf7+ Kxe5 62. Qf4+ Kd5 63. Qf7+ Kc6 64. Qe6+ Bd6
65. Qxe4+ Kd7 66. Qb7+ Ke6 67. Qc8+ Kd5 68. Qf5+ Be5 69. Bd2 Qc4+ 70. Qc2 Qf1+
71. Qd1 Qd3 72. Qc2 Qa3+ 73. Kd1 Qf3+ 74. Kc1 Qf1+ 75. Qd1 Qxd1+ 76. Kxd1 Kc4
77. Kc2 b4 78. Bxb4 1/2-1/2

[Event "Guelph Futurity"]
[Site "Guelph CAN"]
[Date "2005.07.25"]
[Round "6"]
[White "Thavandiran, Shiyam"]
[Black "Burnett, Ronald"]
[Result "1/2-1/2"]
[WhiteElo "2257"]
[BlackElo "2473"]
[PlyCount "50"]
[EventDate "2005.08.07"]
[EventType "schev"]
[EventRounds "10"]
[EventCountry "CAN"]

1. e4 g6 2. d4 d6 3. Nc3 Nf6 4. g3 Bg7 5. Bg2 O-O 6. Nge2 e5 7. h3 c6 8. Be3 b5
9. a3 Qc7 10. O-O a6 11. g4 h6 12. Ng3 Bb7 13. Qd2 Kh7 14. Rad1 Nbd7 15. f4
Rad8 16. dxe5 dxe5 17. f5 a5 18. Qf2 b4 19. axb4 axb4 20. Na4 Ba6 21. Rfe1 Rb8
22. Bf3 g5 23. Be2 Bxe2 24. Rxe2 b3 25. c3 Qa5 1/2-1/2

[Event "Guelph Futurity"]
[Site "Guelph CAN"]
[Date "2005.07.25"]
[Round "7"]
[White "Kunte, Abhijit"]
[Black "Thavandiran, Shiyam"]
[Result "1-0"]
[WhiteElo "2535"]
[BlackElo "2257"]
[PlyCount "55"]
[EventDate "2005.08.07"]
[EventType "schev"]
[EventRounds "10"]
[EventCountry "CAN"]

1. d4 Nf6 2. c4 e6 3. g3 c5 4. d5 exd5 5. cxd5 g6 6. Nf3 d6 7. Nc3 Bg7 8. Bg2
O-O 9. O-O a6 10. a4 Re8 11. Nd2 Nbd7 12. h3 Qc7 13. Nc4 Nb6 14. Na3 Bd7 15. e4
Nxa4 16. Nxa4 b5 17. e5 dxe5 18. d6 Qa7 19. Nc3 b4 20. Nab5 Qb6 21. Nc7 bxc3
22. Nxa8 cxb2 23. Nxb6 bxa1=Q 24. Nxd7 Nxd7 25. Bc6 Rd8 26. Bxd7 Qd4 27. Ba4
Rxd6 28. Be3 1-0

[Event "Guelph Futurity"]
[Site "Guelph CAN"]
[Date "2005.07.25"]
[Round "8"]
[White "Thavandiran, Shiyam"]
[Black "Ganguly, Surya Shekhar"]
[Result "1-0"]
[WhiteElo "2257"]
[BlackElo "2566"]
[PlyCount "68"]
[EventDate "2005.08.07"]
[EventType "schev"]
[EventRounds "10"]
[EventCountry "CAN"]

1. e4 e5 2. Nf3 Nc6 3. Nc3 g6 4. d4 exd4 5. Nd5 Bg7 6. Bg5 Nce7 7. Nxd4 c6 8.
Nc3 Qa5 9. Qd2 Nf6 10. Nb3 Qc7 11. O-O-O O-O 12. Bf4 Qd8 13. Bd6 a5 14. e5 Ne8
15. Nd4 b5 16. f4 Nxd6 17. exd6 Nf5 18. Nxf5 gxf5 19. h3 a4 20. g4 a3 21. gxf5
Qf6 22. Rg1 b4 23. Qd4 axb2+ 24. Kb1 Qxd4 25. Rxd4 Kh8 26. Rxg7 Kxg7 27. Rxb4
Ba6 28. Bxa6 Rxa6 29. Rb7 Rd8 30. Ne4 Ra5 31. Ng3 Kf6 32. c4 Ra3 33. Rb3 Rxb3
34. axb3 Re8 1-0

[Event "Guelph Futurity"]
[Site "Guelph CAN"]
[Date "2005.07.25"]
[Round "9"]
[White "MacPhail, John"]
[Black "Thavandiran, Shiyam"]
[Result "1/2-1/2"]
[WhiteElo "2305"]
[BlackElo "2257"]
[PlyCount "86"]
[EventDate "2005.08.07"]
[EventType "schev"]
[EventRounds "10"]
[EventCountry "CAN"]

1. g3 Nf6 2. Bg2 e6 3. Nf3 b6 4. d3 d5 5. O-O Bb7 6. c4 Be7 7. b3 O-O 8. Bb2 c5
9. Nbd2 Nc6 10. a3 a6 11. e4 dxc4 12. dxc4 Qd3 13. e5 Ne8 14. Nd4 Nxd4 15. Bxb7
Rd8 16. Bxd4 Qxd4 17. Nf3 Qb2 18. Qb1 Qxb1 19. Raxb1 Nc7 20. Rfd1 f5 21. exf6
gxf6 22. Be4 f5 23. Bc2 Bf6 24. Rxd8 Rxd8 25. Rd1 Rxd1+ 26. Bxd1 e5 27. Ne1 Ne6
28. g4 f4 29. f3 Nd4 30. Nd3 Kf7 31. Kf1 Ke6 32. Ke1 Bh4+ 33. Kd2 Kd6 34. b4 h6
35. bxc5+ bxc5 36. Be2 Ne6 37. Bd1 Ng5 38. Ke2 Ne6 39. Kd2 Nd4 40. Be2 Nb3+ 41.
Kc3 Na5 42. Bd1 Nc6 43. Kd2 Nd4 1/2-1/2

[Event "Guelph int"]
[Site "Guelph CAN"]
[Date "2005.07.29"]
[Round "3"]
[White "Quan Zhe"]
[Black "Thavandiran, Shiyam"]
[Result "1/2-1/2"]
[WhiteElo "2382"]
[BlackElo "2191"]
[PlyCount "121"]
[EventDate "2005.07.28"]
[EventType "swiss"]
[EventRounds "9"]
[EventCountry "CAN"]

1. d4 Nf6 2. c4 e6 3. Nf3 b6 4. g3 Bb7 5. Bg2 Be7 6. O-O O-O 7. Re1 d5 8. cxd5
exd5 9. Nc3 Na6 10. Bf4 c5 11. dxc5 Nxc5 12. Rc1 Nce4 13. Be5 Bc5 14. Bd4 Rc8
15. Nxe4 Nxe4 16. e3 Qd7 17. Re2 Bd6 18. Rec2 Ba6 19. Bf1 Bxf1 20. Qxf1 Rxc2
21. Rxc2 Qf5 22. Nh4 Qd7 23. Qc1 f6 24. Qd1 Rc8 25. Rxc8+ Qxc8 26. Bxb6 Qc4 27.
Bxa7 Qxa2 28. Bd4 Be7 29. Kg2 g6 30. Nf3 Kf7 31. Nd2 Nxd2 32. Qxd2 Qb1 33. Bc3
Qe4+ 34. Kf1 Ke6 35. Ke2 Qg4+ 36. Kf1 Qe4 37. Kg1 g5 38. Qd1 g4 39. Bd4 h5 40.
Qf1 Kf7 41. h4 Bd6 42. Qd1 f5 43. Bc3 Ke6 44. Qd2 Kd7 45. b4 Kc6 46. Qa2 Qc4
47. Qa8+ Kd7 48. Qb7+ Ke6 49. Qg7 Qd3 50. Kh2 Qc2 51. Kg2 Qe4+ 52. Kh2 Qc2 53.
Kg1 Qb1+ 54. Kg2 Qe4+ 55. Kf1 Qd3+ 56. Ke1 Qb1+ 57. Ke2 Qa2+ 58. Ke1 Qb1+ 59.
Ke2 Qc2+ 60. Kf1 Qb1+ 61. Kg2 1/2-1/2

[Event "Guelph int"]
[Site "Guelph CAN"]
[Date "2005.07.30"]
[Round "5"]
[White "Divljan, Igor"]
[Black "Thavandiran, Shiyam"]
[Result "1-0"]
[WhiteElo "2313"]
[BlackElo "2191"]
[PlyCount "97"]
[EventDate "2005.07.28"]
[EventType "swiss"]
[EventRounds "9"]
[EventCountry "CAN"]

1. d4 Nf6 2. c4 e6 3. Nf3 b6 4. g3 Bb7 5. Bg2 Be7 6. Nc3 Ne4 7. Bd2 f5 8. d5
Bf6 9. Rc1 Na6 10. a3 Nac5 11. b4 Nxc3 12. Bxc3 Ne4 13. Bxf6 Qxf6 14. O-O O-O
15. Qb3 c5 16. dxc6 dxc6 17. c5 bxc5 18. bxc5 Ba6 19. Qe3 Rfd8 20. Rc2 e5 21.
Qb3+ Kf8 22. Qa4 Bxe2 23. Rxe2 Nc3 24. Qc2 e4 25. Re3 exf3 26. Rxf3 Ne4 27. Rf4
g5 28. Rf3 Kg7 29. Re3 Rd2 30. Qc4 Rd4 31. Qc1 Nd2 32. Rfe1 f4 33. Re7+ Kh8 34.
R1e6 Qf5 35. Qc3 Rad8 36. Be4 Nxe4 37. Rxe4 Qf6 38. Kg2 R4d6 39. Qxf6+ Rxf6 40.
Re8+ Rxe8 41. Rxe8+ Kg7 42. Re7+ Rf7 43. Rxf7+ Kxf7 44. gxf4 gxf4 45. Kf3 Ke6
46. Ke4 a6 47. f3 a5 48. a4 h6 49. h3 1-0